| 000 | 00495nam a2200157 i 4500 | ||
|---|---|---|---|
| 001 | 74251 | ||
| 003 | ES-MaACL | ||
| 005 | 20230906172051.0 | ||
| 007 | t| | ||
| 008 | 040916s1929 sp ||||1| spa d | ||
| 100 | 1 |
_aGonzález Palou, Francisco de Paula. _958858 |
|
| 245 | 1 | 0 |
_aComentarios a la crisis de la industria textil _b: conferencia / _cpor Francisco de Paula González Palou. |
| 260 |
_aBarcelona : _bFeliu y Susana, _c1929. |
||
| 300 |
_a78 p. ; _c24 cm. |
||
| 852 |
_aES-MaACL _j1737-F-8 |
||
| 999 |
_c74251 _d74251 |
||